Ahmadiyyah: (Record no. 20821)
[ view plain ]
| 000 -LEADER | |
|---|---|
| fixed length control field | 00766cam a2200253u 4500 |
| 001 - CONTROL NUMBER | |
| control field | 7976569 |
| 003 - CONTROL NUMBER IDENTIFIER | |
| control field | BDDh-ASL |
| 005 - DATE AND TIME OF LATEST TRANSACTION | |
| control field | 20231015025936.0 |
| 008 - FIXED-LENGTH DATA ELEMENTS--GENERAL INFORMATION | |
| fixed length control field | 801222s1963 enk 000 0 eng |
| 010 ## - LIBRARY OF CONGRESS CONTROL NUMBER | |
| LC control number | 63003811 |
| 040 ## - CATALOGING SOURCE | |
| Original cataloging agency | DLC |
| Transcribing agency | CarP |
| Modifying agency | DLC |
| -- | BDDh-ASL |
| 043 ## - GEOGRAPHIC AREA CODE | |
| Geographic area code | e-uk-en |
| 050 00 - LIBRARY OF CONGRESS CALL NUMBER | |
| Classification number | BP64.A4 |
| Item number | W35 |
| 082 ## - DEWEY DECIMAL CLASSIFICATION NUMBER | |
| Classification number | 297.8 |
| Item number | FIA |
| 100 1# - MAIN ENTRY--PERSONAL NAME | |
| Personal name | Fisher, Humphrey J. |
| 245 10 - TITLE STATEMENT | |
| Title | Ahmadiyyah: |
| Remainder of title | a study in contemporary Islām on the West African coast / |
| 260 ## - PUBLICATION, DISTRIBUTION, ETC. | |
| Place of publication, distribution, etc. | [London]: |
| Name of publisher, distributor, etc. | Published [by] Oxford University Press, |
| Date of publication, distribution, etc. | 1963. |
| 300 ## - PHYSICAL DESCRIPTION | |
| Extent | 206 p.: |
| Dimensions | 22 cm. |
| 504 ## - BIBLIOGRAPHY, ETC. NOTE | |
| Bibliography, etc. note | Include Bibliographical References and Index |
| 650 #0 - SUBJECT ADDED ENTRY--TOPICAL TERM | |
| Topical term or geographic name entry element | Islam |
| Geographic subdivision | Africa, West. |
| 650 #0 - SUBJECT ADDED ENTRY--TOPICAL TERM | |
| Topical term or geographic name entry element | Ahmadiyya. |
| 906 ## - LOCAL DATA ELEMENT F, LDF (RLIN) | |
| a | 0 |
| b | cbc |
| c | premunv |
| d | u |
| e | ncip |
| f | 19 |
| g | y-gencatlg |
| 942 ## - ADDED ENTRY ELEMENTS (KOHA) | |
| Source of classification or shelving scheme | Dewey Decimal Classification |
| Koha item type | Books |
| Withdrawn status | Lost status | Source of classification or shelving scheme | Damaged status | Not for loan | Collection code | Home library | Current library | Shelving location | Date acquired | Source of acquisition | Total Checkouts | Full call number | Barcode | Date last seen | Copy number | Price effective from | Koha item type |
|---|---|---|---|---|---|---|---|---|---|---|---|---|---|---|---|---|---|
| Dewey Decimal Classification | Non-fiction | Asiatic Society Library | Asiatic Society Library | General Stacks | 01/14/2021 | ASB Collection | 297.8 FIA | 104325 | 01/14/2021 | C-1 | 01/14/2021 | Books |